La fiesta taurina en Trujillo : (Record no. 195662)

MARC details
000 -LEADER
campo de control de longitud fija 01874nam a2200397 i 4500
001 - NÚMERO DE CONTROL
campo de control 195662
003 - IDENTIFICADOR DE NÚMERO DE CONTROL
campo de control SpMaBN
005 - FECHA Y HORA DE LA ÚLTIMA TRANSACCIÓN
campo de control 20260216183922.0
008 - DATOS DE LONGITUD FIJA--INFORMACIÓN GENERAL
campo de control de longitud fija 241001s2022 sp | |||| 000 0 spa
017 ## - NÚMERO DE COPYRIGHT O DE DEPÓSITO LEGAL
Número de copyright o de depósito legal CC 27-2022
Agencia que asigna Oficina Depósito Legal Cáceres
020 ## - NÚMERO INTERNACIONAL ESTÁNDAR DEL LIBRO
Número Internacional Estándar del Libro 9788412512526
035 ## - NÚMERO DE CONTROL DEL SISTEMA
Número de control de sistema a7116438
040 ## - FUENTE DE CATALOGACIÓN
Centro catalogador/agencia de origen SpMaBN
Lengua de catalogación spa
Centro/agencia transcriptor SpMaBN
Normas de descripción rda
Centro/agencia modificador ES-MaACL
080 ## - NÚMERO DE LA CLASIFICACIÓN DECIMAL UNIVERSAL
Número de la Clasificación Decimal Universal 793.23(460.251 Trujillo)(091)
100 ## - ENTRADA PRINCIPAL--NOMBRE DE PERSONA
Nombre de persona Moreno Bermejo, José María,
Fechas asociadas al nombre 1945-
9 (RLIN) 237312
Término indicativo de función/relación Autor
245 13 - MENCIÓN DEL TÍTULO
Título La fiesta taurina en Trujillo :
Resto del título historia, arte y tradición /
Mención de responsabilidad, etc. José María Moreno Bermejo, José Antonio Ramos Rubio, Carlos Jesús Lozano Palacios
250 ## - MENCION DE EDICION
Mención de edición Primera edición: 2022
264 #1 - PRODUCCIÓN, PUBLICACIÓN, DISTRIBUCIÓN, FABRICACIÓN Y COPYRIGHT
Producción, publicación, distribución, fabricación y copyright Cáceres :
Nombre del de productor, editor, distribuidor, fabricante Tau Editores,
Fecha de producción, publicación, distribución, fabricación o copyright [2022]
264 #4 - PRODUCCIÓN, PUBLICACIÓN, DISTRIBUCIÓN, FABRICACIÓN Y COPYRIGHT
Fecha de producción, publicación, distribución, fabricación o copyright ©2022
300 ## - DESCRIPCIÓN FÍSICA
Extensión 208 páginas ;
Dimensiones 23 cm
336 ## - TIPO DE CONTENIDO
Término de tipo de contenido Texto
Fuente rdacontent
337 ## - TIPO DE MEDIO
Nombre/término del tipo de medio sin mediación
Fuente rdamedia
338 ## - TIPO DE SOPORTE
Nombre/término del tipo de soporte volumen
Fuente rdacarrier
504 ## - NOTA DE BIBLIOGRAFÍA, ETC.
Nota de bibliografía, etc. Bibliografía: páginas 193-196
504 ## - NOTA DE BIBLIOGRAFÍA, ETC.
Nota de bibliografía, etc. Webgrafía: páginas 196-198
520 ## - RESUMEN, ETC.
Sumario, etc. En otras épocas, cuando el viajero llegara a Trujillo y desde donde viniera, encontraba en la ciudad toda clase de espectáculos: corridas de toros, novilladas, verbenas, teatros, cines, todo cuanto ha de contribuir a que pasara en la ciudad unos días inolvidables, sobre todo en los días de feria.
650 #7 - PUNTO DE ACCESO ADICIONAL DE MATERIA--TÉRMINO DE MATERIA
Término de materia o nombre geográfico como elemento de entrada Tauromaquia
Subdivisión geográfica Trujillo
Subdivisión de forma Historia
Fuente del encabezamiento o término embne
9 (RLIN) 237313
700 1# - ENTRADA AGREGADA--NOMBRE PERSONAL
Nombre de persona Ramos Rubio, José Antonio,
Fechas asociadas al nombre 1963-
Término indicativo de función/relación Autor
9 (RLIN) 174430
700 ## - ENTRADA AGREGADA--NOMBRE PERSONAL
Nombre de persona Lozano Palacios, Carlos Jesús
9 (RLIN) 237314
Término indicativo de función/relación Autor
852 ## - LOCALIZACIÓN
Ubicación ES-MaACL
Sublocalización o colección R 153319
Ubicación en estantería Depósito J
Número de control de estantería N-8675
Donativo/Legado Donación: José L. Ramos
Encuadernación Encuadernación rústica con solapas
itemnumber 204191
903 ## - NOMBRE PERSONAL DE DONANTE
a Ramos Rubio, José Antonio,
d 1963-
e Donante
9 174430
942 ## - ELEMENTOS DE ENTRADA SECUNDARIOS (KOHA)
Tipo de ítem Koha Libro impreso
Suprimir en OPAC No
Holdings
Estatus retirado Estado de pérdida Fuente del sistema de clasificación o colocación Estado de daño No para préstamo Biblioteca de origen Biblioteca actual Ubicación en estantería Fecha de adquisición Fuente de adquisición Total de préstamos Signatura topográfica completa Código de barras Visto por última vez Precio de reemplazo Tipo de ítem Koha
    Clasificación decimal universal     Biblioteca del Ateneo de Madrid Biblioteca del Ateneo de Madrid Depósito J 01/10/2024 Donación   N-8675 101229014 01/10/2024 01/10/2024 Libro impreso